Classical Mediterranean Spirituality (Record no. 6268)

MARC details
000 -LEADER
fixed length control field 00711nam a2200277 a 4500
020 ## - INTERNATIONAL STANDARD BOOK NUMBER
ISBN 0334307
082 00 - DEWEY DECIMAL CLASSIFICATION NUMBER
Classification number 292.42
Author Cutter ARM
100 ## - MAIN ENTRY--AUTHOR NAME
Author name Armstrong, A H
245 ## - TITLE STATEMENT
Title Classical Mediterranean Spirituality
Sub title Egyptian, Greek, Roman
260 ## - PUBLICATION, DISTRIBUTION, ETC. (IMPRINT)
Place of publication London
Name of publisher Scm Press
Year of publication 1989
300 ## - PHYSICAL DESCRIPTION
Number of Pages 517p
500 ## - GENERAL NOTE
General note includes index and biblioraphy
505 2# - FORMATTED CONTENTS NOTE
Formatted contents note index
650 ## - SUBJECT ADDED ENTRY--TOPICAL TERM
Topical Term Religion-Egyptian
650 ## - SUBJECT ADDED ENTRY--TOPICAL TERM
Topical Term Religion-Greek
650 ## - SUBJECT ADDED ENTRY--TOPICAL TERM
Topical Term Spirituality-Greek
650 ## - SUBJECT ADDED ENTRY--TOPICAL TERM
Topical Term Religion-Roman
942 ## - ADDED ENTRY ELEMENTS (KOHA)
Koha item type Books
700 1# -
-- Armstrong, A H
Holdings
Collection code Home library Current library Date acquired Cost, normal purchase price Full call number Accession Number Koha item type
  Henry Martyn Institute Library Henry Martyn Institute Library 07/24/2007 1287.00 292.42 ARM 013589 Books
                   Copyright © 2026 | Henry Martyn Institute | Hyderabad | TS-500052 | INDIA | Implemented by hmi.edu.in
Hit-Count:

Powered by Koha